Generování operačního systému /

Hlavní autor: Pospíšil, Josef
Korporativní autor: Tesla Eltos (firma)
Jazyk: Čeština
Vydáno: Praha : Státní nakladatelství technické literatury, 1983
Vydání: 1. vyd.
Témata:
Fyzický popis: 184 s.
Knihy
Uloženo v:
LEADER 00949nam a22002772a 4500
001 000925614
003 CZ BrMZK
005 20090105135332.0
007 ta
008 090105s1983 xr er|||||||||||cze d
040 |a BOA001  |b cze 
080 9 |a 681.3.066 
100 1 |a Pospíšil, Josef  |7 ntka173758  |4 aut 
245 1 0 |a Generování operačního systému /  |c Josef Pospíšil 
250 |a 1. vyd. 
260 |a Praha :  |b Státní nakladatelství technické literatury,  |c 1983 
300 |a 184 s. 
500 |a Systém malých elektronických počítačů, operační systém FOBOS 2, č. MINI S 028-1 
500 |a V tiráži vročení 1982 
550 |a Vydavatel: Tesla Eltos 
710 2 |a Tesla Eltos (firma)  |7 ko2007227655 
910 |a BOA001  |b 4-0857.884 
964 |a Operační systémy FOBOS 2 - generování 
990 |a BK 
991 |b 200901 
996 6 |b BC-641149  |c 4-0857.884  |l MZK  |r Sklad / do 1 hodiny  |n 0  |w 000925614  |u 000010  |a 1  |e BOA001  |j MZK50  |s P